000 00563cam a22002057a 4500
001 000153
003 armpunfd
005 20140612090600.0
008 011019e1967####xx#a##########000#0#und#d
040 _aarmpunfd
_carmpunfd
080 _a34(37) R 921
100 1 0 _a Russomanno, Mario C.
245 1 0 _aPosesion en los principales codigos civiles contemporaneos
260 _a Buenos Aires
_b Abeledo- Perrot
_c1967
300 _a139 p.
650 7 _a Derecho Romano
_2LEMB
650 7 _a Posesion
_2LEMB
942 _cLB
_2cdu
945 _aCatalis
_d2010-08-19
999 _c151
_d230655